000 00300nam a2200121Ia 4500
008 191201s2015 xx 000 0 und d
100 _aGarg, m.k
245 0 _aEntrepreneurship Development and Management
250 _a1st
260 _c2015-16
_bDONATED
_aNEW DELHI
300 _a272
942 _2ddc
_cBK
999 _c8149
_d8149